Entry and Competition in the European Bike-Sharing Industry
Hodnotenia odvetvia zdieľania bicyklov sa tradične zameriavajú na jeho účinky na iné trhy, samosprávy alebo všeobecný blahobyt. Tento dokument sa od toho odchyľuje v tom, ako je organizovaný trh. Pomocou informácií o celkovom počte firiem v mestách a väčších mestách v Európe sme zistili neproporcion...
Gespeichert in:
| 1. Verfasser: | |
|---|---|
| Weitere Verfasser: | , , |
| Format: | Buchkapitel |
| Sprache: | Englisch |
| Schlagworte: | |
| Tags: |
Keine Tags, Fügen Sie das erste Tag hinzu!
|
MARC
| LEADER | 00000naa$a2200000$$$4500 | ||
|---|---|---|---|
| 001 | 0299501 | ||
| 005 | 20240927140416.7 | ||
| 041 | 0 | |a eng | |
| 044 | |a GB | ||
| 245 | 1 | 0 | |a Entry and Competition in the European Bike-Sharing Industry |c Hana Fitzová, Richard Kališ, Vilém Pařil, Milan Fila |
| 520 | |a Hodnotenia odvetvia zdieľania bicyklov sa tradične zameriavajú na jeho účinky na iné trhy, samosprávy alebo všeobecný blahobyt. Tento dokument sa od toho odchyľuje v tom, ako je organizovaný trh. Pomocou informácií o celkovom počte firiem v mestách a väčších mestách v Európe sme zistili neproporcionálne zmeny veľkosti trhu vzhľadom na zmeny v trhovej štruktúre. Ide o kľúčové informácie, z ktorých vyplývajú zmeny v ziskoch, nákladoch alebo stupni diferenciácie produktov. Na rozlíšenie medzi týmito tromi zdrojmi sme použili dodatočné údaje na úrovni firmy o kapacite a type poskytovaných služieb. | ||
| 610 | 2 | 0 | |a konkurencia |
| 610 | 2 | 0 | |a bicykle |
| 610 | 2 | 0 | |a trhy |
| 610 | 2 | 0 | |a samospráva |
| 610 | 2 | 0 | |a zisk |
| 100 | 1 | |a Fitzová, Hana | |
| 700 | 1 | |a Kališ, Richard, 1991- | |
| 700 | 1 | |a Pařil, Vilém | |
| 700 | 1 | |a Fila, Milan | |